01307nab a22002297a 4500003000400000005001700004008004100021040000700062100003000069245014100099300001500240500003700255505030900292505020100601650002300802650001500825650001400840650002500854650001600879650002900895773015300924OSt20260126033506.0190514b xxu||||| |||| 00| 0 spa d cPJ aDe Oliveira, Juan José 10aTensión entre la vocación sucesoria del cónyuge y la ausencia de vocación sucesoria del conviviente /cJuan José de Oliveira.  ap. 118-121 aCita: TR LALEY AR/DOC/2666/2024. aSumario: I. Sobre el fallo.— II. Las uniones convivenciales.— III. Tensión entre los derechos hereditarios que derivan del matrimonio y los que derivan de la unión convivencial.— IV. La vocación sucesoria del conviviente en la actualidad.— V. Perspectiva hacia futuro.— VI. Conclusión.  tFallo comentado: JCiv. y Com., Conciliación y Familia 1a Nom., Bell Ville ~ 10/06/2024 ~ Schmid, Eduardo Walter s/ declaratoria de herederos - incidente de exclusión de vocación hereditaria. 0aDERECHO DE FAMILIA 0aSUCESIONES 0aCÓNYUGE 0aVOCACION HEREDITARIA 0aCONVIVIENTE 0aJURISPRUDENCIA APLICABLE0 02844dBuenos Aires : AbeledoPerrot, 1989-tDerecho de familia. Revista Interdisciplinaria de doctrina y jurisprudencia. Diciembre 2024-VI.z18511201